Meridional revista chilena de estudios latinoamericanos.
| Corporate Author: | |
|---|---|
| Format: | Electronic Journal |
| Language: | Spanish English French Portuguese |
| Published: |
Santiago, Chile :
Universidad de Chile, Centro de Estudios Culturales Latinoamericanos,
2013-
|
| Subjects: | |
| Online Access: | Full text available from PRISMA Database with HAPI Index: 04/01/2014 to 10/31/2016 |
MARC
| LEADER | 00000nas a2200000 i 4500 | ||
|---|---|---|---|
| 001 | ssj0001997372 | ||
| 003 | WaSeSS | ||
| 005 | 20200512172242.0 | ||
| 006 | m d | ||
| 007 | cr n | ||
| 008 | 171012c20139999cl fr p s 0 0spa c | ||
| 010 | |a 2018240260 | ||
| 022 | |a 0719-4862 |y 0719-3734 | ||
| 035 | |a (WaSeSS)ssj0001997372 | ||
| 040 | |a AUD |b eng |e pn |c AUD |d VVJ |d OCLCQ |d IXA |d OCLCF |d UX1 |d VT2 |d ZCY |d VVB |d VDB |d XMC |d ZXC |d XQL |d ZGM |d JOURN |d ZHM |d ZHC |d YKC |d VYL |d CTX |d XME |d ZNC |d XQM |d VSI |d VMY |d WaSeSS | ||
| 041 | 0 | |a spa |a eng |a fre |a por | |
| 042 | |a pcc | ||
| 043 | |a cl----- | ||
| 130 | 0 | |a Meridional (Santiago, Chile) | |
| 222 | 0 | |a Meridional |b (En línea) | |
| 245 | 1 | 0 | |a Meridional |h [electronic resource] : |b revista chilena de estudios latinoamericanos. |
| 246 | 1 | |a Revista chilena de estudios latinoamericanos | |
| 260 | |a Santiago, Chile : |b Universidad de Chile, Centro de Estudios Culturales Latinoamericanos, |c 2013- | ||
| 310 | |a Semiannual | ||
| 362 | 1 | |a Began with Número 1 (octubre 2013). | |
| 506 | |a License restrictions may limit access. | ||
| 546 | |a In Spanish, some English, French and Portuguese; titles also in English; abstracts in English and in the language of the article. | ||
| 588 | |a Description based on: Número 1 (octubre 2013); title from HTML header (publisher's website, viewed June 13, 2018). | ||
| 588 | |a Latest issue consulted: Núm. 10 (abril-septiembre 2018) (viewed June 13, 2018). | ||
| 650 | 7 | |a Civilization. |2 fast |0 (OCoLC)fst00862898 | |
| 651 | 0 | |a Latin America |x Civilization |v Periodicals. | |
| 651 | 0 | |a Latin America |v Periodicals. | |
| 651 | 7 | |a Latin America. |2 fast |0 (OCoLC)fst01245945 | |
| 655 | 0 | |a Electronic journals. | |
| 710 | 2 | |a Universidad de Chile. |b Centro de Estudios Culturales Latinoamericanos. | |
| 776 | 0 | 8 | |i Print version: |t Meridional (Santiago, Chile) |x 0719-3734 |w (DLC) 2018213436 |w (OCoLC)1020701482 |
| 856 | 4 | 0 | |z Full text available from PRISMA Database with HAPI Index: 04/01/2014 to 10/31/2016 |u https://search.proquest.com/publication/2040125 |